Library Banner

The culture and psychology reader (Record no. 8073)

MARC details
000 -LEADER
fixed length control field 00563nam a2200193Ia 4500
001 - CONTROL NUMBER
control field 6502
008 - FIXED-LENGTH DATA ELEMENTS--GENERAL INFORMATION
fixed length control field 140320s9999 xx 000 0 und d
020 ## - INTERNATIONAL STANDARD BOOK NUMBER
International Standard Book Number 0-8147-3081-7
040 ## - CATALOGING SOURCE
Transcribing agency PK-LaUMT
082 ## - DEWEY DECIMAL CLASSIFICATION NUMBER
Classification number 155.8
Item number CUL-
100 ## - MAIN ENTRY--PERSONAL NAME
Personal name Goldberger, Nancy Rule, Ed.
245 #4 - TITLE STATEMENT
Title The culture and psychology reader
Statement of responsibility, etc Goldberger, Nancy Rule, Ed.<>Veroff, Jody Bennet, Jt. Ed.
260 ## - PUBLICATION, DISTRIBUTION, ETC. (IMPRINT)
Place of publication, distribution, etc New York,USA:
Name of publisher, distributor, etc New York University Press,
Date of publication, distribution, etc 1995.
300 ## - PHYSICAL DESCRIPTION
Extent 833 p.
546 ## - LANGUAGE NOTE
Language note EN
650 ## - SUBJECT ADDED ENTRY--TOPICAL TERM
Topical term or geographic name as entry element Ethnopsychology
700 ## - ADDED ENTRY--PERSONAL NAME
Personal name Veroff, Jody Bennet, Jt. Ed.
942 ## - ADDED ENTRY ELEMENTS (KOHA)
Koha item type Books
Holdings
Withdrawn status Lost status Source of classification or shelving scheme Damaged status Not for loan Home library Current library Date acquired Total Checkouts Full call number Barcode Date last seen Price effective from Koha item type
    Dewey Decimal Classification     UMT Main Campus UMT Main Campus 2014-03-20   155.8 CUL- 7405 2014-03-20 2014-03-20 Books
    Dewey Decimal Classification     UMT Main Campus UMT Main Campus 2014-06-02   155.8 CUL- 7488 2014-06-02 2014-06-02 Books